01997nam a2200361 a 450000100060000000300080000600500170001400800410003102000280007202000180010003500190011804000590013704100080019608200260020410000660023024500850029624600360038126000480041730000350046550400510050050506270055165000520117865000270123065000440125765000340130165000300133565000370136565000270140270000300142994200120145999900170147195201470148866157BD-RjUL20211209081515.0060308s2007 fluab bf 001 0 eng  a0849333288 (alk. paper) a9780849333286 a(BD-RjUL)66287 aDNLM/DLCcDLCdNLMdBAKERdUKMdC#PdDLCdBD-RjULbeng aeng00223a616.962bCRH 20071 aCrompton, D. W. T.q(David William Thomasson),d1937-919574710aHandbook of helminthiasis for public health /cD.W.T. Crompton, Lorenzo Savioli.30aHelminthiasis for public health aBoca Raton :bCRC/Taylor & Francis,cc2007. a362 p. :bill., maps ;c25 cm. aIncludes bibliographical references and index.0 aHelminthiasis : a challenge to health and development -- One day in the life of Mumbua -- Public health priorities : decisions for controlling helminthiasis -- Common themes and concepts in helminthiasis -- Cestodiasis -- Dracunculiasis -- Food-borne trematodiasis -- Lymphatic filariasis -- Onchocerciasis -- Schistosomiasis -- Soil-transmitted helminthiasis -- Strongyloidiasis -- Trichinellosis (trichinosis) -- Use of anthelminthic drugs in the public health arena -- Health awareness and helminthiasis -- Water and sanitation : availability, needs, and provision -- Helminthiasis and the millennium development goals. 0aHelminthiasisvHandbooks, manuals, etc.919574812aHelminthiasis.919574912aIntestinal Diseases, Parasitic.919575022aDeveloping Countries.917229722aHealth Promotion.917850922aHelminthsxparasitology.919575122aPublic Health.91715351 aSavioli, Lorenzo.9195752 2ddccBK c66157d66157 00102ddc40718NFICaRUCLbRUCLcReadingd2009-09-01eAhsania missiong812.55l0o616.962 CRH 2007r2017-03-14 00:00:00tC-1w2017-03-14yBK